000 01028cam a2200217 4500
008 090401t1999 xxu||||| |||| 00| 0 eng d
020 _a1859786626
035 _a(Sirsi) u99864
041 _aeng
100 _aCato, D. Mark
245 4 _aThe expert in litigation and arbitration.
260 _aColchester
_bLLP
_c1999
300 _a1037p. ; 25p.
350 _a195.00
520 _aThe job of experts in arbitration or litigation, is to give their independent, objective and unbiased opinions on the matter referred to them and falling within their area of expertise. The expert is not an advocate for a party in a particular dispute. These points and others of equal import to the role of experts are considered in this substantial work, which has chapters on medical, criminal and rent review cases, amongst others.
650 _aMANAGEMENT-DISPUTE AVOIDANCE, MANAGEMENT AND RESOLUTION-DISPUTE MANAGEMENT AND RESOLUTION-ARBITRATION
650 _aLITIGATION
690 _aLAW
942 _n0
948 _c22/04/1999
999 _c99500
_d99500